000 00298nam a2200121Ia 4500
008 190216s9999||||xx |||||||||||||| ||und||
100 _aAnupam Pardeshi
245 0 _aHindi-Pakshi-Jagath Ki Seir
260 _bSaswath Printing & Publishings
_c2007
300 _a144
650 _aHindi
942 _cBK
999 _c16504
_d16504